| 000 | 00473nam a2200157 a 4500 | ||
|---|---|---|---|
| 001 | 1275 | ||
| 003 | CDMR | ||
| 005 | 20130227111304.0 | ||
| 008 | 130130s2006||||||||||||||||||||||||||||d | ||
| 040 |
_aCDMR _bcat _cCDMR |
||
| 100 | 1 |
_aCargol, Salvador _9992 |
|
| 245 | 1 | 0 |
_aFabricants de notícies _b: periodisme i canvi tecnològic a Girona _cSalvador Cargol |
| 260 |
_aGirona _c2006 _bCol.legi de Periodistes de Catalunya |
||
| 490 | 0 |
_aPapers de comunicació _v5 |
|
| 942 |
_cMON _2ddc |
||
| 999 |
_c1275 _d1275 |
||